000 00311nam a2200109Ia 4500
008 200302s9999 xx 000 0 und d
100 _aRustam J. Mehta
245 _aMasterpieces of Indian Craftsmanship in Marble and Sandstone
260 _bTaraporevala Sons and Co. Pvt. Ltd.
260 _c1980
300 _a78 P.,
999 _c4088
_d4088